La Vall de Fuirosos : el Montnegre profund / Montse Guitart Mas, Martí Boada, Geòrgia Rodoreda el Montnegre profund / Montse Guitart Mas, Martí Boada, Geòrgia Rodoreda
Descripción Física:
354 p. : il., col. ; 21 cm
Colección:
Sant Celoni-Montnegre. Natura i societat ; 4
MARC
| LEADER | 00000nam a2200000Ia 4500 | ||
|---|---|---|---|
| 001 | 23122 | ||
| 008 | 160829s2009 xx 000 0 cat d | ||
| 080 | |a C-3-348 | ||
| 100 | |a Guitart Mas, Montse |9 40940 | ||
| 245 | |a La Vall de Fuirosos : |b el Montnegre profund / Montse Guitart Mas, Martí Boada, Geòrgia Rodoreda | ||
| 260 | |a Sant Celoni : |b Ajuntament de Sant Celoni, [etc.], |c 2009 | ||
| 300 | |a 354 p. : |b il., col. ; |c 21 cm | ||
| 490 | |a Sant Celoni-Montnegre. Natura i societat ; 4 | ||
| 590 | |a Bibliografia | ||
| 650 | |a Montnegre (Massís) |x Història |9 40941 | ||
| 650 | |a Flora |x Montnegre (Massís) |9 40942 | ||
| 650 | |a Fauna |x Montnegre (Massís) |9 40943 | ||
| 700 | |a Boada, Martí, |d 1949- |9 41283 | ||
| 700 | |a Rodoreda, Geòrgia |9 40945 | ||
| 710 | 1 | |a Sant Celoni (Catalunya). |b Ajuntament |9 55494 | |
| 901 | |a Arxiu | ||
| 942 | |n 1 | ||
| 952 | |0 0 |1 0 |4 0 |6 C3348 |7 1 |9 49964 |a Arxiu |b Arxiu |d 2016-12-01 |l 0 |o C-3-348 |p 23122 |r 2016-12-01 00:00:00 |w 2016-12-01 |y ARXIU | ||
| 999 | |c 53806 |d 53806 | ||